00679naa a2200169 a 450000100080000000500110000800800410001910000210006024500320008126000090011330000190012249000090014152002510015065300210040165300110042277300760043310550002007-08-28 1988 bl --- 0-- u #d1 aTHOMAZELLI, L.F. aNutricao mineral do pepino. c1988 ap.156-180 v.14 vv.14 aE apresentado uma revisao completa sobre a producao mineral da cultura do pepino. Aspectos de formas de absorcao do nitrogenio, fosforo e potassio sao tambem abordados. Alem deste, relata-se a importancia dos micronutrientes na cultura do pepino. aNutricao mineral aPepino tIn: CASALI, V.M.P. Coord. Seminarios de Olericultura. Vicosa: UFV, 1988